| 000 | 01162nam0a22003011 4500 | ||
|---|---|---|---|
| 001 | v19\rc\1685932 | ||
| 005 | 20061002151711.1 | ||
| 035 | _a(NLR Aleph) 004790828 | ||
| 090 |
_a4727320 _c4727320 |
||
| 100 | _a20061002e18961896|||y0rusy50 ca | ||
| 101 | 0 | _arus | |
| 102 | _aRU | ||
| 105 | _ay z ||||| | ||
| 200 | 1 |
_aВ гостях у крестьянских сирот _eС предисл. о дет. колонии "Затишье" _f[Г.И. Лакин] |
|
| 210 |
_aСанкт-Петербург _cпаровая скоропеч. Я.И. Либермана _dценз. 1896 |
||
| 215 |
_a23 с. _d23 |
||
| 300 | _aАвт. указан в конце текста | ||
| 311 | _aПерепеч. с разреш. авт., из № 40, 47, 54 и 62 "Астрахан. листка" | ||
| 488 | 0 | _12001#$aАстраханский листок$v№ 40, 47, 54, 62 | |
| 700 | 1 |
_aЛакин _bГ. И. _f1863-1926 _gГригорий Иванович |
|
| 801 | 0 |
_aRU _bNLR _gpsbo |
|
| 801 | 0 |
_aRU _bRuMoRGB _2psbo |
|
| 801 | 1 |
_aRU _bProSoft-M _2rusmarc |
|
| 852 |
_aNLR _j20.97.4.19 |
||
| 899 |
_aRuMoRGB _j807-94/658-5 |
||
| 899 | _aБАН | ||
| 942 | _cBOOK | ||
| 980 | _aNB | ||